000 00864nam a2200253 a 4500
001 BRL_1664
005 20190320211319.0
008 230414s1954----mx-ab#####---#000-0#spa-#
041 _aspa
044 _amx
050 4 _aF1219
_b.O76 1954
100 1 _aOrozco y Berra, Manuel
_d1816-1881
_9539
245 1 0 _aHistoria antigua y de las culturas aborígenes
_cManuel Berra y Orozco.
250 _a2a ed.
260 _aMéxico
_bEdiciones Fuente Cultural : Librería Navarro
_c1954
300 _a2 v.
_bil., mapas
_c28 cm.
_e+ 1 Atlas arqueológico y pictográfico.
440 0 _aBiblioteca de historia de México
_927574
500 _av.1 Au1855, v.2 Au1854
504 _aBibliografía: v.1 p.: 510-511
650 1 4 _aIndígenas de México
_xVida social y costumbres
_910614
651 4 _aMéxico
_xHistoria
_yHasta 1519
_99704
902 _aGRL
942 _2lcc
_cB
999 _c10473
_d10473